| 000 | 00640nam a22001817a 4500 | ||
|---|---|---|---|
| 005 | 20240530110521.0 | ||
| 008 | 160217s2013 ua o g 000 0 ara d | ||
| 017 |
_a2013/3621 _bمصر . دار الكتب المصرية |
||
| 020 | _a9789774271671 | ||
| 040 | _aEG-CaGPL | ||
| 082 | 0 | 4 |
_221 _a920.7 _bق/أ م |
| 100 | 0 | _aاسامة هيكل . | |
| 245 | 1 | 0 |
_a150 يوما فى تاريخ مصر : _bحقيقة فى زمن الكذب / _cاسامة هيكل . |
| 600 | 0 |
_aاسامة هيكل _vمذكرات . |
|
| 651 | 0 | 4 |
_aمصر _xتاريخ _xالثورات . |
| 651 | 0 | 4 |
_aمصر _xتاريخ _yالعصر الحديث . |
| 942 |
_2ddc _cBK |
||
| 999 |
_c61883 _d61883 |
||